UBT Library

Signals and systems demystified / (Record no. 702)

000 -LEADER
fixed length control field 00529nam a22001937a 4500
008 - FIXED-LENGTH DATA ELEMENTS--GENERAL INFORMATION
fixed length control field 150416b xxu||||| |||| 00| 0 eng d
020 ## - INTERNATIONAL STANDARD BOOK NUMBER
International Standard Book Number 9780071475785
041 0# - LANGUAGE CODE
Language code of text/sound track or separate title eng
080 ## - UNIVERSAL DECIMAL CLASSIFICATION NUMBER
Universal Decimal Classification number 621.382
100 1# - Rafti
Rafti McMahon, David
245 10 - TITLE STATEMENT
Title Signals and systems demystified /
Statement of responsibility, etc David McMahon.
260 ## -
-- New York :
-- McGraw-Hill,
-- 2007.
300 ## -
-- 302 f.:
-- me il.;
-- 24 cm.
490 1# -
-- Demystified series
505 ## -
-- Index: f.297-299
650 #0 -
-- Procesimi i sinjaleve
650 #0 -
-- Analiza e sistemit
942 ## - ADDED ENTRY ELEMENTS (KOHA)
Source of classification or shelving scheme
Item type Books

No items available.

UBT Library © 2015-2024. All rights reserved University Education for Business and Technology